Pytania o minecraft - Statystyki

Ogólne statystyki
  • Ten quiz został rozwiązany 293 razy
  • Średni wynik to 5 z 8
Statystyki odpowiedzi
Hint Odpowiedź % Poprawnych
W którym roku powstał Minecraft? 2009
96%
Ile jest kolorow welny w minecraft? 16
92%
Creper powstał na wzor: świni
78%
Jak możemy nazwać moba żeby się obrócił? Dinnerbone
65%
Jaki youtuber wymyślił menhanty? Dream
65%
Jak się nazywa ekipa tobiasza? rapy
62%
Ile hp. ma warden? 500
41%
Jaki youtuber w Polsce pierwszy nagrał odcinek z minecraft? jjayjoker
21%
Nie znaleziono quizów pasujących do podanych kryteriów
Rozkład punktacji
Procent ludzi z każdym wynikiem
Percentyl według liczby udzielonych odpowiedzi
Twoja historia wyników
Nie rozwiązałeś tego quizu